Zgadnij stolice Landu - #1: Niemcy - Statystyki

Ogólne statystyki
  • Ten quiz został rozwiązany 52 razy
  • Średni wynik to 7 z 13
Statystyki odpowiedzi
Land Stolica % Poprawnych
Bawaria Monachium
98%
Saksonia Drezno
68%
Badenia-Wirtembergia Stuttgart
68%
Dolna Saksonia Hanower
61%
Nadrenia Północna-Westfalia Dusseldorf
56%
Saara Saarbrucken
54%
Branderburgia Poczdam
51%
Szlezwik-Holsztyn Kilonia
46%
Turyngia Erfurt
41%
Saksonia-Alhant Magdeburg
34%
Nadrenia-Palatynat Mongucja
32%
Meklemburgia-Pomorze Przednie Schwerin
29%
Hesja Wiesbaden
15%
Nie znaleziono quizów pasujących do podanych kryteriów
Rozkład punktacji
Procent ludzi z każdym wynikiem
Percentyl według liczby udzielonych odpowiedzi
Twoja historia wyników
Nie rozwiązałeś tego quizu